MARC details
| 000 -CABECERA |
| campo de control de longitud fija |
01189nam a22004095a 4500 |
| 001 - NUMERO DE CONTROL |
| campo de control |
003065 |
| 003 - IDENTIFICADOR DE NUMERO DE CONTROL |
| campo de control |
armpunfd |
| 005 - FECHA ULTIMA MODIFICACION |
| campo de control |
20150624192057.0 |
| 008 - ELEMENTOS DE LONGITUD FIJA -- INFORMACION GENERAL |
| campo de control de longitud fija |
141014s1969####ag############000#0#und#d |
| 080 ## - NUMERO DE CLASIFICACION DECIMAL UNIVERSAL (CDU) |
| Número de la Clasificación Decimal Universal |
343 P 734 |
| 100 1# - ASIENTO PRINCIPAL--NOMBRE PERSONAL |
| Nombre personal |
Fontan Balestra, Carlos. |
| 245 10 - MENCION DE TITULO |
| Título propiamente dicho |
Tratado de Derecho Penal : |
| Parte restante del título |
Parte Especial / |
| 260 ## - PUBLICACION, DISTRIBUCION, ETC. (PIE DE IMPRENTA) |
| Lugar de publicación, distribución, etc. |
Buenos Aires : |
| Nombre del editor, distribuidor, etc. |
Abeledo- Perrot, |
| Fecha de publicación, distribución, etc. |
1969. |
| 300 ## - DESCRIPCION FISICA |
| Extensión |
T V: 576 P. ; T VI: 442 P. |
| 650 #7 - ASIENTO SECUNDARIO DE MATERIA - TERMINO TEMATICO |
| Término temático o nombre geográfico como elemento de entrada |
Abuso Dshonesto |
| Fuente del encabezamiento o término |
LEMB |
| 650 #7 - ASIENTO SECUNDARIO DE MATERIA - TERMINO TEMATICO |
| Término temático o nombre geográfico como elemento de entrada |
Adulterio |
| Fuente del encabezamiento o término |
LEMB |
| 650 #7 - ASIENTO SECUNDARIO DE MATERIA - TERMINO TEMATICO |
| Término temático o nombre geográfico como elemento de entrada |
Corrupcion |
| Fuente del encabezamiento o término |
LEMB |
| 650 #7 - ASIENTO SECUNDARIO DE MATERIA - TERMINO TEMATICO |
| Término temático o nombre geográfico como elemento de entrada |
Defraudacion |
| Fuente del encabezamiento o término |
LEMB |
| 650 #7 - ASIENTO SECUNDARIO DE MATERIA - TERMINO TEMATICO |
| Término temático o nombre geográfico como elemento de entrada |
Delitos contra la Honestidad |
| Fuente del encabezamiento o término |
LEMB |
| 650 #7 - ASIENTO SECUNDARIO DE MATERIA - TERMINO TEMATICO |
| Término temático o nombre geográfico como elemento de entrada |
Delitos contra la Propiedad |
| Fuente del encabezamiento o término |
LEMB |
| 650 #7 - ASIENTO SECUNDARIO DE MATERIA - TERMINO TEMATICO |
| Término temático o nombre geográfico como elemento de entrada |
Delitos contra la Salud Publica |
| Fuente del encabezamiento o término |
LEMB |
| 650 #7 - ASIENTO SECUNDARIO DE MATERIA - TERMINO TEMATICO |
| Término temático o nombre geográfico como elemento de entrada |
Delitos contra la Seguridad |
| Fuente del encabezamiento o término |
LEMB |
| 650 #7 - ASIENTO SECUNDARIO DE MATERIA - TERMINO TEMATICO |
| Término temático o nombre geográfico como elemento de entrada |
Delitos contra la tranquilidad Publica |
| Fuente del encabezamiento o término |
LEMB |
| 650 #7 - ASIENTO SECUNDARIO DE MATERIA - TERMINO TEMATICO |
| Término temático o nombre geográfico como elemento de entrada |
Derecho Penal |
| Fuente del encabezamiento o término |
LEMB |
| 650 #7 - ASIENTO SECUNDARIO DE MATERIA - TERMINO TEMATICO |
| Término temático o nombre geográfico como elemento de entrada |
Estafa |
| Fuente del encabezamiento o término |
LEMB |
| 650 #7 - ASIENTO SECUNDARIO DE MATERIA - TERMINO TEMATICO |
| Término temático o nombre geográfico como elemento de entrada |
Estupro |
| Fuente del encabezamiento o término |
LEMB |
| 650 #7 - ASIENTO SECUNDARIO DE MATERIA - TERMINO TEMATICO |
| Término temático o nombre geográfico como elemento de entrada |
Hurto |
| Fuente del encabezamiento o término |
LEMB |
| 650 #7 - ASIENTO SECUNDARIO DE MATERIA - TERMINO TEMATICO |
| Término temático o nombre geográfico como elemento de entrada |
Rapto |
| Fuente del encabezamiento o término |
LEMB |
| 650 #7 - ASIENTO SECUNDARIO DE MATERIA - TERMINO TEMATICO |
| Término temático o nombre geográfico como elemento de entrada |
Robo |
| Fuente del encabezamiento o término |
LEMB |
| 650 #7 - ASIENTO SECUNDARIO DE MATERIA - TERMINO TEMATICO |
| Término temático o nombre geográfico como elemento de entrada |
Trata de Personas |
| Fuente del encabezamiento o término |
LEMB |
| 650 #7 - ASIENTO SECUNDARIO DE MATERIA - TERMINO TEMATICO |
| Término temático o nombre geográfico como elemento de entrada |
Usurpacion |
| Fuente del encabezamiento o término |
LEMB |
| 651 ## - ASIENTO SECUNDARIO DE MATERIA - NOMBRE GEOGRAFICO |
| Fuente del encabezamiento o término |
LEMB |
| 945 ## - INFORMACION DE PROCESAMIENTO LOCAL |
| Fecha de ingreso o modificación |
2014-10-14 |
| 945 ## - INFORMACION DE PROCESAMIENTO LOCAL |
| Fecha de ingreso o modificación |
2014-10-14 |
| 945 ## - INFORMACION DE PROCESAMIENTO LOCAL |
| Responsable de carga/modificación |
Celeste Delía |
| Fecha de ingreso o modificación |
2014-10-14 |